The astronomical revolution : Copernicus - Kepler - Borelli

Saved in:
Bibliographic Details
Main Author: Koyré, Alexandre, 1892-1964
Other Authors: Maddison, Robert E. W. (Translator)
Format: Book
Language:English
French
Published: Paris ; London ; Ithaca : Hermann ; Methuen ; Cornell University Press, 1973.
Subjects:
Tags: Add Tag
No Tags, Be the first to tag this record!

MARC

LEADER 00000cam a2200000 i 4500
001 1/84451
008 980311s1973 uk | ||| |||| ||eng||
020 |a 0416769802 
035 |a 1997  |b 3  |c Χατζηνικήτα  |l 10034444 
040 |a GR-MY-UA  |b gre  |e aacr 
041 1 |a eng  |h fre 
082 7 |a 520.903   |2 (22) 
100 1 |a Koyré, Alexandre,   |d 1892-1964. 
245 1 4 |a The astronomical revolution :   |b Copernicus - Kepler - Borelli /   |c Alexandre Koyre ; translated by Dr R.E.W. Maddison.  
260 |a Paris ; London ; Ithaca :   |b Hermann ; Methuen ; Cornell University Press,   |c 1973.  
300 |a 531 σ. ;   |c 24 εκ.  
500 |a Τίτλος πρωτοτύπου: La revolution astronomique.  
600 1 0 |a Copernicus, Nicolaus,   |d 1473-1543. 
600 1 0 |a Kepler, Johannes,   |d 1571-1630. 
600 1 0 |a Borelli, Giovanni Alfonso,   |d 1608-1679. 
650 0 0 |a Astronomy  |x History. 
700 1 |a Maddison, Robert E. W.  |e trl 
852 |a INST  |b RHODES  |e 19980311  |h 520.903 KOY  |p 005400010984  |q 005400010984  |t BK  |y 0 
901 |a BIBL-1998-1 
909 |a Ρ  |b 052276 
970 |z 11/03/1998